|
|
|
|
| LEADER |
01326nam a2200361 a 4500 |
| 001 |
AAL 1432 |
| 003 |
BD-DhAAL |
| 005 |
20160209172010.0 |
| 008 |
150202s1995 caua b 001 0 eng |
| 010 |
|
|
|a 94012364
|
| 020 |
|
|
|a 1560061588 (alk. paper)
|
| 040 |
|
|
|a DLC
|c DLC
|d DLC
|d BD-DhAAL
|
| 050 |
0 |
0 |
|a HT151
|b .B297 1995
|
| 082 |
0 |
0 |
|a 307.76
|2 20
|
| 999 |
|
|
|c 33552
|d 33552
|
| 999 |
|
|
|c 33552
|
| 100 |
1 |
|
|a Barr, Roger,
|d 1951-
|9 7806
|
| 245 |
1 |
0 |
|a Cities /
|c by Roger Barr.
|
| 260 |
|
|
|a San Diego, CA :
|b Lucent Books,
|c c1995.
|
| 300 |
|
|
|a 128 p. :
|b ill. ;
|c 23 cm.
|
| 440 |
|
0 |
|a Lucent overview series
|9 7807
|
| 490 |
|
|
|a Lucent overview series
|
| 504 |
|
|
|a Includes bibliographical references (p. 119-123) and index.
|
| 541 |
|
|
|e 1432
|
| 650 |
|
0 |
|a Cities and towns.
|9 7808
|
| 650 |
|
0 |
|a Cities and towns
|z United States.
|9 7809
|
| 650 |
|
0 |
|a Urbanization
|z United States.
|9 7810
|
| 650 |
|
0 |
|a Urban policy
|z United States.
|9 7811
|
| 650 |
|
1 |
|a Cities and towns.
|9 7812
|
| 650 |
|
1 |
|a Urbanization.
|9 6745
|
| 942 |
|
|
|2 ddc
|c BK
|
| 952 |
|
|
|0 0
|1 0
|2 ddc
|4 0
|6 307_760000000000000_BAR
|7 0
|9 52414
|a SCL
|b SCL
|c GEN
|d 2015-02-02
|l 0
|o 307.76 BAR
|p 3020001432
|r 2015-02-02
|t 1
|w 2015-02-02
|y BK
|
| 952 |
|
|
|0 0
|1 0
|2 ddc
|4 0
|6 307_760000000000000_BAR
|7 0
|9 52415
|a SCL
|b SCL
|c GEN
|d 2015-02-02
|l 0
|o 307.76 BAR
|p 3020001431
|r 2015-02-02
|t 2
|w 2015-02-02
|y BK
|